Datum a čas kvízu

20.5 Celkem bodů Celkový počet nahraných bodů na tomto kvízu bez doplňovacích otázek.
9. Pořadí na kvízu Konečné umístění týmu na tomto kvízu.

Zaznamenané odpovědi

# Otázka Odpověď Body Výsledky
1. Toto téma již asi většina zná... Kofola 0
2. Nyní hledáme potravinu. Rytíři... jogurt 0
3. Nyní hledáme součást automobil... svíčka 0
4. Odhalte název filmu. Odrůda ré... Matrix 0
5. V této otázce budete muset vyl... Bamako 0
6. Začneme v českých končinách kl... 4 tisíce 1
7. Pojmenujte karetní postřehovou... Dobble 1
8. Mnoho slavných počítačových he... D 1
9. Které číslo musí padnout na ko... číslo 7 0
10. Jednou z nejznámějších a nejpr... Samurajský meč 0